| 000 | 00607nam a22001817a 4500 | ||
|---|---|---|---|
| 003 | NUST | ||
| 005 | 20260210163341.0 | ||
| 008 | 260210b ||||| |||| 00| 0 eng d | ||
| 020 | _a978-0321629111 | ||
| 082 |
_a519.02 _bWAL |
||
| 100 |
_a Ronald E. Walpole, Raymond H. Myers, Sharon L. Myers & Keying E. Ye. _9133150 |
||
| 245 |
_aProbability and Statistics for Engineers and Scientists / _c Ronald E. Walpole, Raymond H. Myers, Sharon L. Myers & Keying E. Ye. |
||
| 250 | _a9th Edition | ||
| 260 |
_aUSA: _bPearson, _c2012. |
||
| 300 |
_a791 p ; _c25.1 cm |
||
| 563 | _aHardcover | ||
| 942 |
_2ddc _cBK |
||
| 999 |
_c616169 _d616169 |
||